Statistics for Countries of the World in Latin

Click here to take the quiz!

General Stats

  • This quiz has been taken 16 times
  • The average score is 60 of 196

Answers on the Map

Answers color-coded by a green-red scale on the quiz's map according to % correct below.
 

Answer Stats

Country% Correct
Canada
83%
Croatia
83%
Francia
83%
Italia
83%
Serbia
83%
Albania
75%
India
75%
Lusitania
75%
Russia
75%
Australia
67%
Austria
67%
Belgica
67%
Bulgaria
67%
Columbia
67%
Cuba
67%
Finnia
67%
Germania
67%
Libya
67%
Romania
67%
Slovenia
67%
Andorra
58%
Argentina
58%
Armenia
58%
Brasilia
58%
Guatimalia
58%
Hibernia
58%
Indonesia
58%
Irania
58%
Malia
58%
Panama
58%
Peruvia
58%
Polonia
58%
Bolivia
50%
Cambosia
50%
Chilia
50%
Estonia
50%
Georgia
50%
Haitia
50%
Hispania
50%
Honduria
50%
Islandia
50%
Macedonia Septentrionalis
50%
Moldavia
50%
Mongolia
50%
Namibia
50%
Nepalia
50%
Nicaragua
50%
Nigeria
50%
Norvegia
50%
Suecia
50%
Syria
50%
Aegyptus
42%
Belavia
42%
Bosnia et
Hertsegovina
42%
Cenia
42%
Dominica
42%
Graecia
42%
Hungaria
42%
Israël
42%
Lituania
42%
Mauritania
42%
Pacistania
42%
Paraquaria
42%
Ruthenia Alba
42%
Sudania
42%
Tanzania
42%
Ucraina
42%
Uruquaria
42%
Vietnamia
42%
Afgania
33%
Angolia
33%
Butania
33%
Chirgisia
33%
Ciribasus
33%
Cyprus
33%
Gambia
33%
Guiana
33%
Guinea
33%
Helvetia
33%
Laotia
33%
Liberia
33%
Madagascaria
33%
Malavia
33%
Mexicum
33%
Nauru
33%
Nova Zelandia
33%
Omania
33%
Sinae
33%
Singapura
33%
Slovacia
33%
Somalia
33%
Surinamia
33%
Thailandia
33%
Turcia
33%
Vanuatu
33%
Zambia
33%
Aequatoria
25%
Aethiopia
25%
Algerium
25%
Arabia Saudita
25%
Birmania
25%
Cechia
25%
Cosovia
25%
Dania
25%
Foederatae Micronesiae Civitates
25%
Gabonia
25%
Iaponia
25%
Lettonia
25%
Luxemburgum
25%
Nederlandia
25%
Samoa
25%
Sudania Australis
25%
Tonga
25%
Tuvalu
25%
Uganda
25%
Venetiola
25%
Africa Australis
17%
Atropatene
17%
Britanniarum Regnum
17%
Burcina Faso
17%
Civitates Foederatae Americae
17%
Corea Septentrionalis
17%
Gana
17%
Grenata
17%
Insulae Maldivae
17%
Iordania
17%
Iraca
17%
Lesothum
17%
Marocum
17%
Mauritia
17%
Melita
17%
Mons Niger
17%
Papua Nova Guinea
17%
Quataria
17%
Res publica Dominicana
17%
Ruanda
17%
Salvatoria
17%
Sancta Lucia
17%
Sanctus Christophorus et Nives
17%
Sanctus Vincentius et Granatinae
17%
Senegalia
17%
Srilanca
17%
Trinitas et Tabacum
17%
Usbecia
17%
Vaticanum
17%
Antiqua et Barbuda
8%
Bangladesa
8%
Barbata
8%
Beliza
8%
Botsuana
8%
Burundia
8%
Cammarunia
8%
Casachia
8%
Corea Meridionalis
8%
Cuvaitum
8%
Erythraea
8%
Iamaica
8%
Iemenia
8%
Insulae Bahamae
8%
Insulae Marsalienses
8%
Insulae Salomonis
8%
Libanus
8%
Lichtenstenum
8%
Malaesia
8%
Monoecus
8%
Mozambicum
8%
Nigritania
8%
Ora Dives
8%
Philippinae
8%
Res publica Congensis
8%
Res publica Democratica Congensis
8%
Sanctus Marinus
8%
Suazia
8%
Taivania
8%
Tunesia
8%
Turcomannia
8%
Tzadia
8%
Viti
8%
Zimbabua
8%
Baharina
0%
Beninum
0%
Bruneium
0%
Caput Viride
0%
Comorianae
0%
Emiratus Arabici Coniucti
0%
Gibutum
0%
Guinea Aequinoctialis
0%
Guinea Bissaviensis
0%
Insulae Seisellenses
0%
Litus Eburneum
0%
Mons Leoninus
0%
Res publica Mediae Africae
0%
Sanctus Thomas et Princeps
0%
Tagicistania
0%
Timoria Orientalis
0%
Togum
0%

Score Distribution

Percentile by Number Answered

Percent of People with Each Score

Your Score History

You have not taken this quiz